Design of equilibrium stage processes (Record no. 13251)

000 -LEADER
fixed length control field 00589nam a22002171 4500
001 - CONTROL NUMBER
control field 13251
003 - CONTROL NUMBER IDENTIFIER
control field BD-DhUET
008 - FIXED-LENGTH DATA ELEMENTS--GENERAL INFORMATION
fixed length control field 740517s1963 nyua b 000 0 eng
020 ## - INTERNATIONAL STANDARD BOOK NUMBER
International Standard Book Number 070586373
040 ## - CATALOGING SOURCE
Original cataloging agency DLC
Transcribing agency OAkU
Modifying agency BD-DhUET
082 ## - DEWEY DECIMAL CLASSIFICATION NUMBER
Classification number 660.28422
Item number SMI/1963
100 1# - MAIN ENTRY--PERSONAL NAME
Personal name Smith, Buford D.
245 10 - TITLE STATEMENT
Title Design of equilibrium stage processes
250 ## - EDITION STATEMENT
Edition statement 1st ed.
260 ## - PUBLICATION, DISTRIBUTION, ETC. (IMPRINT)
Place of publication, distribution, etc. New York
Name of publisher, distributor, etc. McGraw-Hill
Date of publication, distribution, etc. 1963
300 ## - PHYSICAL DESCRIPTION
Extent 647 p.
Other physical details ill.
Dimensions 24 cm.
490 ## - SERIES STATEMENT
Series statement McGraw-Hill chemical engineering series
504 ## - BIBLIOGRAPHY, ETC. NOTE
Bibliography, etc Includes bibliographies
650 #0 - SUBJECT ADDED ENTRY--TOPICAL TERM
Topical term or geographic name as entry element Chemical equilibrium
942 ## - ADDED ENTRY ELEMENTS (KOHA)
Koha item type General Book
Holdings
Lost status Damaged status Copy number Koha full call number Koha normalized classification for sorting Price effective from Withdrawn status Koha date last seen Shelving location Not for loan Sublocation or collection (holding branch) Location (home branch) Piece designation (barcode) Koha item type Date acquired Source of classification or shelving scheme
  1660.28422/SMI/1963660_284220000000000_SMI_19632015-03-02 2015-03-02Circulation section Central Library, BUETCentral Library, BUET34954General Book2015-03-02 
  2660.28422/SMI/1963660_284220000000000_SMI_19632015-03-03 2015-03-03Circulation section Central Library, BUETCentral Library, BUET29845General Book2015-03-03 
  3660.28422/SMI/1963660_284220000000000_SMI_19632015-03-03 2015-03-03Circulation section Central Library, BUETCentral Library, BUET29841General Book2015-03-03 
  4660.28422/SMI/1963660_284220000000000_SMI_19632015-03-03 2015-03-03Circulation section Central Library, BUETCentral Library, BUET29847General Book2015-03-03 
  5660.28422/SMI/1963660_284220000000000_SMI_19632015-03-03 2015-03-03Circulation section Central Library, BUETCentral Library, BUET29853General Book2015-03-03 
  6660.28422/SMI/1963660_284220000000000_SMI_19632015-03-03 2015-03-03Circulation section Central Library, BUETCentral Library, BUET29843General Book2015-03-03 
  7660.28422/SMI/1963660_284220000000000_SMI_19632015-03-03 2015-03-03Circulation section Central Library, BUETCentral Library, BUET29844General Book2015-03-03 
  8660.28422/SMI/1963660_284220000000000_SMI_19632015-03-03 2015-03-03Circulation section Central Library, BUETCentral Library, BUET29840General Book2015-03-03 
  9660.28422/SMI/1963660_284220000000000_SMI_19632015-03-03 2015-03-03Circulation section Central Library, BUETCentral Library, BUET34955General Book2015-03-03 
  10660.28422/SMI/1963660_284220000000000_SMI_19632015-05-11 2015-05-11Circulation section Central Library, BUETCentral Library, BUET11477General Book2015-05-11 
  11660.28422/SMI/1963660_284220000000000_SMI_19632015-05-11 2015-05-11Circulation section Central Library, BUETCentral Library, BUET29846General Book2015-05-11 
  12660.28422/SMI/1963660_284220000000000_SMI_19632015-05-11 2015-05-11Circulation section Central Library, BUETCentral Library, BUET34953General Book2015-05-11 
  13660.28422/SMI/1963660_284220000000000_SMI_19632015-05-11 2015-05-11Circulation section Central Library, BUETCentral Library, BUET18836General Book2015-05-11 
  14660.28422/SMI/1963660_284220000000000_SMI_19632015-05-11 2015-05-11Circulation section Central Library, BUETCentral Library, BUET29854General Book2015-05-11 
  15660.28422/SMI/1963660_284220000000000_SMI_19632015-05-11 2015-05-11Circulation section Central Library, BUETCentral Library, BUET29856General Book2015-05-11 
  16660.28422/SMI/1963660_284220000000000_SMI_19632015-05-19 2015-05-19Circulation section Central Library, BUETCentral Library, BUET29848General Book2015-05-19 
  17660.28422/SMI/1963660_284220000000000_SMI_19632015-06-18 2015-06-18Reading section Central Library, BUETCentral Library, BUET6449Reading Item2015-06-18